Искорка (Запись № 12816273)

Подробности
000 -МАРКЕР
контрольное поле 02350nam0a2200433 4500
001 - ИДЕНТИФИКАТОР ЗАПИСИ
контрольное поле RU\NLR\BIBL_A\012681370
005 - ИДЕНТИФИКАТОР ВЕРСИИ
контрольное поле 20220411142224.0
010 ## - МЕЖДУНАРОДНЫЙ СТАНДАРТНЫЙ НОМЕР КНИГИ (ISBN)
Номер (ISBN) 978-5-00167-249-4
Тираж 2500
021 ## - НОМЕР ГОСУДАРСТВЕННОЙ РЕГИСТРАЦИИ
Код страны Российская Федерация
Номер КН-П-21-060986
Номер Листа государственной регистраци КН-П-21-4766
035 ## - ДРУГИЕ СИСТЕМНЫЕ НОМЕРА
Идентификатор записи (NLR Aleph) 012681370
100 ## - ДАННЫЕ ОБЩЕЙ ОБРАБОТКИ
Данные общей обработки 20220111d2021 c y0rusy50 ca
101 1# - ЯЗЫК РЕСУРСА
Язык текста, звукозаписи и т.д. русский
Язык оригинала китайский
102 ## - СТРАНА ПУБЛИКАЦИИ ИЛИ ПРОИЗВОДСТВА
Страна публикации Российская Федерация
105 ## - ПОЛЕ КОДИРОВАННЫХ ДАННЫХ: ТЕКСТОВЫЕ МАТЕРИАЛЫ, МОНОГРАФИЧЕСКИЕ
Кодированные данные о монографическом текстовом документе a|||z|||000zy
181 #1 - ПОЛЕ КОДИРОВАННЫХ ДАННЫХ: ВИД СОДЕРЖАНИЯ
Код вида содержания (ISBD) i2
Код характеристики содержания (ISBD) axxe
181 #1 - ПОЛЕ КОДИРОВАННЫХ ДАННЫХ: ВИД СОДЕРЖАНИЯ
Код вида содержания (ISBD) b2
Код характеристики содержания (ISBD) bb2e
182 #1 - ПОЛЕ КОДИРОВАННЫХ ДАННЫХ: ТИП СРЕДСТВА
Код типа средства (ISBD) n - непосредственное
200 1# - ЗАГЛАВИЕ И СВЕДЕНИЯ ОБ ОТВЕТСТВЕННОСТИ
Основное заглавие Искорка
Сведения, относящиеся к заглавию по мотивам рассказа Э. Сетона-Томпсона
-- [для дошкольного и младшего школьного возраста
Первые сведения об ответственности Чжу Чэнлян
Последующие сведения об ответственности [перевод с китайского Алины Перловой
-- художник: Чжу Чэнлян]
203 ## - ВИД СОДЕРЖАНИЯ И ТИП СРЕДСТВА
Вид содержания Текст
-- Изображение
Дополнительные сведения об издании визуальные
Тип средства непосредственные
210 ## - ПУБЛИКАЦИЯ, РАСПРОСТРАНЕНИЕ И ДР.
Место издания, распространения и т.д. Москва
Имя издателя, распространителя и т. д. Самокат
Дата издания, распространения и т.д. 2021
215 ## - ФИЗИЧЕСКАЯ ХАРАКТЕРИСТИКА
Специфическое обозначение материала и объем [41] с.
Другие сведения о физической характеристике цв. ил.
Размеры 27
330 ## - РЕЗЮМЕ ИЛИ РЕФЕРАТ
Текст примечания Искорка, огненно-рыжая лисица, живет в лесу с двумя своими детенышами: Рыжиком и Пятнышком. Однажды один из лисят попадает в ловушку охотников. Искорка готова сделать все, чтобы спасти своего малыша. Но удастся ли ей перехитрить свирепых собак и охотников с ружьями, выйти из этой схватки победителем и спасти своего малыша?
333 ## - ПРИМЕЧАНИЯ ОБ ОСОБЕННОСТЯХ РАСПРОСТРАНЕНИЯ И ИСПОЛЬЗОВАНИЯ
Текст примечания 0+
686 0# - ИНДЕКСЫ ДРУГИХ КЛАССИФИКАЦИЙ
Индекс Ш9(5Кит)60-4
686 0# - ИНДЕКСЫ ДРУГИХ КЛАССИФИКАЦИЙ
Индекс Ш9(7К)60-4
700 #0 - ИМЯ ЛИЦА - ПЕРВИЧНАЯ ОТВЕТСТВЕННОСТЬ
Начальный элемент ввода Чжу Чэнлян
Даты 1948-
Идентификатор авторитетной/нормативной записи RU\NLR\AUTH\770241222
702 #0 - ИМЯ ЛИЦА - ВТОРИЧНАЯ ОТВЕТСТВЕННОСТЬ
Начальный элемент ввода Чжу Чэнлян
Даты 1948-
Идентификатор авторитетной/нормативной записи RU\NLR\AUTH\770241222
Код отношения Карикатурист, Художник
702 #1 - ИМЯ ЛИЦА - ВТОРИЧНАЯ ОТВЕТСТВЕННОСТЬ
Начальный элемент ввода Перлова
Часть имени, кроме начального элемента ввода А. А.
Расширение инициалов личного имени Алина А
Код отношения Переводчик
702 #1 - ИМЯ ЛИЦА - ВТОРИЧНАЯ ОТВЕТСТВЕННОСТЬ
Начальный элемент ввода Сетон-Томпсон
Часть имени, кроме начального элемента ввода Э.
Даты 1860-1946
Расширение инициалов личного имени Эрнест
Идентификатор авторитетной/нормативной записи RU\NLR\AUTH\779222
Код отношения Прочие
942 ## - ДОПОЛНИТЕЛЬНЫЕ ЭЛЕМЕНТЫ ЗАПИСИ (АБИС)
Тип экземпляра АБИС Книга
980 ## - КОЛЛЕКЦИЯ
Название коллекции Национальная библиография
Экземпляры
Тип экземпляра Дата поступления Источник поступления Библиотека постоянного хранения Библиотека текущего хранения Место хранения Штрих-код Статус экземпляра Шифр хранения
Книга 11.01.2022 Обязательный экземпляр РНБ (Московский) РНБ (Московский) Обменный фонд 1-3601639    
Книга 11.01.2022 Обязательный экземпляр РНБ (Московский) РНБ (Московский) Русский книжный фонд: издания с 1957 года 1-3601635   2022-7/96